000 00344cam a2200157ua 4500
020 _c4.25
041 _ahin
_h
082 _a891.43
_bJAI/VI
100 _aJainedrakumar, .
245 _avivartha /
_cjaindnedra kumar.
_hTextual Documents
300 _a231 ; .
365 _a4.25
504 _a
942 _cBK
999 _c11648
_d11648